| 000 | 01141nam a22003497a 4500 | ||
|---|---|---|---|
| 003 | CHAP | ||
| 005 | 20220329140747.0 | ||
| 008 | 971013s1979 r 00010 d | ||
| 010 | _a57204 | ||
| 011 | _a58176 | ||
| 035 | _a62331 | ||
| 040 | _cCHAP | ||
| 082 |
_a576 _bS45 |
||
| 100 | 0 | 0 |
_aSkinner, Frederic Arthur. _9106826 |
| 245 | _aIdentification methods for microbiologists | ||
| 250 | _a2 ed. | ||
| 260 |
_aLondon : _bAcademic Press, _c1979 |
||
| 300 |
_a315 p. _b: ilus. |
||
| 490 |
_aSociety for Applied Bacteriology. Technical series _v; 14 |
||
| 590 |
_aBATCH-UPD _b10 _c20130110 _lUCH01 _h0510 |
||
| 590 |
_aBATCH-UPD _b10 _c20130110 _lUCH01 _h2325 |
||
| 590 |
_aBATCH-UPD _b10 _c20130410 _lUCH01 _h0148 |
||
| 590 |
_aBATCH-UPD _b10 _c20130914 _lUCH01 _h1817 |
||
| 590 |
_aCONVERSION _b10 _c20130109 _lUCH01 _h1331 |
||
| 650 | 1 | 4 |
_aMicrobiologĂa. _975490 |
| 650 | 1 | 4 |
_aMicroorganismos. _975519 |
| 700 | 0 |
_aLovelock, Dennis William. _968652 |
|
| 830 | 0 |
_aSociety for Applied Bacteriology. Technical series _v; 14 _9108153 |
|
| 901 | _aBK | ||
| 942 | _cLIBRO | ||
| 949 |
_a576 S45 _bBC _cLIBRO _d33724000461836 _eLIBRO _h56048 _i62331 _si |
||
| 999 |
_c57204 _d57204 |
||